| Tag |
First Indicator |
Second Indicator |
Subfields |
| LEADER |
00000cam a2200000 4500 |
| 001 |
in00000659613 |
| 005 |
20151015092028.0 |
| 008 |
801015r18631863miu a 00010 eng d |
| 035 |
|
|
|a (OCoLC)06826333
|
| 035 |
|
|
|9 ACY6282AM
|
| 040 |
|
|
|a EEU
|c TXA
|d UtOrBLW
|
| 049 |
|
|
|a TXAI
|
| 090 |
|
|
|a E469.8
|b .E23
|
| 099 |
|
|
|a film
|a B
|a 1512
|a reel
|a 342.7
|
| 100 |
1 |
|
|a Edge, Frederick Milnes.
|
| 245 |
1 |
4 |
|a The destruction of the American carrying trade :
|b A letter to Earl Russell /
|c By Frederick Milnes Edge.
|
| 264 |
|
1 |
|a London :
|b W. Ridgway,
|c 1863.
|
| 300 |
|
|
|a 27 pages ;
|c 21 cm.
|
| 336 |
|
|
|a text
|b txt
|2 rdacontent
|
| 337 |
|
|
|a microform
|b h
|2 rdamedia
|
| 338 |
|
|
|a microfilm reel
|b hd
|2 rdacarrier
|
| 500 |
|
|
|a Microfilm. Ann Arbor, Mich., University Microfilms [n.d.] (American culture series, Reel 342.7)
|
| 500 |
|
|
|a Microform.
|
| 651 |
|
0 |
|a United States
|x History
|y Civil War, 1861-1865
|x Confiscations and contributions.
|
| 651 |
|
0 |
|a United States
|x History
|y Civil War, 1861-1865
|x Foreign public opinion.
|
| 999 |
|
|
|a MARS
|
| 999 |
f |
f |
|s 9ea3e3fb-c999-35d9-b35c-e2a82995ef6e
|i e01e7874-f73d-3ed8-b6c2-a8f06383ff68
|t 0
|
| 952 |
f |
f |
|p default
|a Texas A&M University
|b College Station
|c Sterling C. Evans Library
|d Evans: Microforms (3rd floor)
|t 0
|e film B 1512 reel 342.7
|h Other scheme
|i microform -- microfilm reel
|
| 998 |
f |
f |
|a film B 1512 reel 342.7
|t 0
|l Evans: Microforms (3rd floor)
|